كتاب الإيمان و النذور / (رقم التسجيلة. 3427)

تفاصيل مارك
000 -الفاتح
عناصر البيانات ثابتة الطول 00643cam a2200169 i 4500
005 - تاريخ ووقت آخر معاملة
حقل ضبط 20251218113707.0
008 - عناصر البيانات ثابتة الطول
عناصر البيانات ثابتة الطول 250721s1988 jo gr 000 0 ara d
082 14 - رقم تصنيف ديوي العشري
رقم التصنيف 217
رقم المادة ف ا ر
100 1# - مدخل رئيسي – اسم شخصي
الاسم الشخصي أبو فارس، محمد عبد القادر
علاقة الشخص بالعمل/ دوره مؤلف.
245 10 - بيان العنوان
العنوان كتاب الإيمان و النذور /
بيان المسؤولية تأليف الدكتور محمد عبد القادر ابو فارس.
250 ## - بيان الطبعة
بيان الطبعة الطبعه الثالثه، مزيدة و منقحة
264 31 - بيانات النشر، التوزيع…إلخ
مكان النشر، التوزيع...إلخ عمان :
اسم الناشر، الموزع...إلخ دار الأرقم للنشر والتوزيع،
تاريخ النشر، التوزيع...إلخ 1988.
300 ## - الوصف المادي
عدد الوحدات المكونة للوعاء 219 صفحة.
650 17 - مدخل إضافي بالموضوع - مصطلح موضوعي
مصطلح موضوعي أو اسم جغرافي كعنصر مدخل الإسلام.
942 ## - بيانات إضافية (كوها)
نوع التنصيف Dewey Decimal Classification
نوع المادة (كوها) كتب
المقتنيات
حالة السحب حالة الفقدان مصدر التصنيف حالة التلف غير قابل للإعارة المكتبة الرئيسية المكتبة الحالية موقع الرف تاريخ التزويد الرقم المتسلسل Total Checkouts رقم الإستدعاء الباركود تاريخ آخر ظهور تاريخ الفاتورة نوع المادة (كوها)
    Dewey Decimal Classification     المكتبة المركزية المكتبة المركزية الإعارة 06/07/2004 214231   217 / ف ا ر 214231 28/07/2025 06/07/2004 كتب
    Dewey Decimal Classification     المكتبة المركزية المكتبة المركزية الإعارة 06/07/2004 214233   217 / ف ا ر 214233 28/07/2025 06/07/2004 كتب
    Dewey Decimal Classification Unchecked   مكتبة الأميرة ايمان العامة مكتبة الأميرة ايمان العامة الإعارة 06/07/2004 6620   217/فار   28/07/2025 06/07/2004 كتب
    Dewey Decimal Classification Unchecked   مكتبة الاميرة بديعة مكتبة الاميرة بديعة الإعارة 06/07/2004 4813   217/فار   28/07/2025 06/07/2004 كتب
    Dewey Decimal Classification Unchecked   مكتبة الجويدة مكتبة الجويدة الإعارة 06/07/2004 4817   217/فار   28/07/2025 06/07/2004 كتب
    Dewey Decimal Classification     مكتبة الحسن العامة مكتبة الحسن العامة الإعارة 29/09/2018 09107   217/فار PLD00434700 28/07/2025 29/09/2018 كتب
    Dewey Decimal Classification     مكتبة النصر العامة مكتبة النصر العامة الإعارة 16/11/2014 7282.   217/فار PLD00310654 28/07/2025 16/11/2014 كتب
    Dewey Decimal Classification     مكتبة صويلح العامة مكتبة صويلح العامة الإعارة 19/11/2015 [10266   217/فار PLD00365629 28/07/2025 19/11/2015 كتب
    Dewey Decimal Classification Unchecked   مكتبة وادي السير العامة مكتبة وادي السير العامة الإعارة 06/07/2004 5641   217/فار   28/07/2025 06/07/2004 كتب
Implemented & Customized by: BBB with SCIT (Smart Chains for Information Technology)

Powered by Koha